| 000 | 01336nam a2200205Ia 4500 | ||
|---|---|---|---|
| 003 | Ost | ||
| 005 | 20260507075639.0 | ||
| 008 | 260507s9999||||xx |||||||||||||| ||und|| | ||
| 040 | _cfsecg | ||
| 041 | _aara | ||
| 082 | _a347 | ||
| 100 |
_aهندي، أحمد _eمؤلف |
||
| 245 | 0 |
_aأصول قانون المرافعات المدنية والتجارية : _bدراسة في التنظيم القضائي والإختصاص، دعوى الخصومة، الحكم و الطعن فيه / _c أحمد هندي |
|
| 260 |
_aالإسكندرية: _bدار الجامعة الجديدية, _c2002 |
||
| 300 |
_a1111 صفحة؛ _c26 سم |
||
| 520 | _aالنظام القضائي:ترتيب و تشكيل المحاكم،القاضي-الاختصاص،الاختصاص الوظيفي أو الولائي،الاختصاص النوعي و القيمي-الاختصاص القيميالاختصاص المحلي-الدعوى،شروط قبول الدعوى،تقسيم الدعاوي، اسعمال الدعوى-الخصومة،اجراءات رفع الدعوى،اعلان أوراق المرافعات،مواعيدالمرافعات،عوارض الخصومة،الجزاءالاجرائي-الحكم و الطعن،الحكمالقضائي،الطعن . | ||
| 653 | _aالقضاء | ||
| 653 | _aالمحاكم | ||
| 942 | _cكتاب | ||
| 999 |
_c45375 _d45375 |
||